000 00371pab a2200133 454500
008 180718b1985 xxu||||| |||| 00| 0 eng d
100 _aLonergan, S.C
245 _aCharacterizing sub - optimal solutions in regional planning policy
260 _c1985
300 _a167-77
650 _aRegional Planning
773 _aSocio - Economic Planning Sciences
909 _a17100
999 _c17100
_d17100